000 00809nam a2200241 a 4500
005 20210219160109.0
008 080731s1979 mx r 000 0 spa d
020 _a9231017306
035 _aUPN01000158585
049 _aUNE
080 _a629.19: 551.32 =20 MEI No.19.
100 1 _aMeier, Mark F.
245 1 0 _aRemote sensing of snow and ice /
_cMark F. Meier.
260 _aParís :
_bUNESCO,
_c1979.
300 _a54 p. :
_bil., map., fot.
440 0 _aTechnical papers in hydrology ;
_v19
690 _aHidrologia - Hielo marino - Glaciares - Detectores
690 _aHielo - Nieve - Investigacion hidrologica - Detectores
690 _aSatelites artificiales - Investigacion hidrologica - Hielo
710 2 _aUNESCO
710 2 _aPHI. Programa Hidrológico Internacional
905 _aUNESCO
999 _c130699
_d130699